Manual de organización y atribuciones de los tribunales
Enregistré dans:
| Auteur principal: | |
|---|---|
| Format: | Livre |
| Langue: | espagnol |
| Publié: |
Santiago
Jurídica de Chile
1965
|
| Édition: | 2a. ed |
| Collection: | Manuales Jurídicos, 26
|
| Sujets: | |
| Tags: |
Ajouter un tag
Pas de tags, Soyez le premier à ajouter un tag!
|
MARC
| LEADER | 00000nam a2200000 a 4500 | ||
|---|---|---|---|
| 001 | UCS0958 | ||
| 003 | CL-VaPUC | ||
| 008 | 970506e19650000CL |||||||||||||||||spa|d | ||
| 082 | 0 | 4 | |a 347.01 |b GAL |2 21 |
| 100 | |a Galté Carré, Jaime |e author |9 603651 | ||
| 245 | 1 | 0 | |a Manual de organización y atribuciones de los tribunales |
| 250 | |a 2a. ed | ||
| 300 | |a 465 p | ||
| 942 | |c BK | ||
| 945 | |d 19970506 00:00:00 |a cmena | ||
| 260 | |a Santiago |b Jurídica de Chile |c 1965 | ||
| 650 | 0 | |a Tribunales de justicia |9 328494 | |
| 650 | 0 | |a Derecho procesal civil |9 258071 | |
| 650 | 0 | |a Derecho civil |9 255013 | |
| 650 | 0 | |a Administración de justicia |9 382749 | |
| 650 | 0 | |a Jurisprudencia |9 255952 | |
| 650 | 0 | |a Arbitraje judicial |9 384450 | |
| 650 | 7 | |a TRIBUNALES MILITARES |2 CL-VaPUC |9 328495 | |
| 651 | 7 | |a CHILE |2 CL-VaPUC |9 384888 | |
| 583 | |a last modification |c 19970506 00:00:00 |k Rodrigo Vera | ||
| 490 | 0 | |a Manuales Jurídicos, 26 | |
| 999 | |c 259073 |d 259071 | ||
| 952 | |0 0 |1 0 |4 0 |6 347_010000000000000_GAL_1965 |7 0 |8 A |9 283612 |a BIBDER |b BIBDER |d 2019-11-19 |i 1837958 |o 347.01 GAL 1965 |p 1837958 |r 2023-01-25 |w 2019-11-19 |y BK |k DER | ||